| 000 | 00549nam a22001937a 4500 | ||
|---|---|---|---|
| 005 | 20240318072901.0 | ||
| 008 | 240318b |||||||| |||| 00| 0 eng d | ||
| 020 | _a9559255037 | ||
| 082 |
_222 _a323.4. _bINT. |
||
| 100 | _aLeary , A. Virginia. | ||
| 100 | _aWickremasinghe, Suriya. | ||
| 245 |
_aAn Introductory Guide to Human Rights Law and Humanitarian Law : _cVirginia A. Leary . |
||
| 250 | _a2nd. | ||
| 260 |
_aColombo : _bNadesan Centre / _c1995. |
||
| 300 | _a79 p., | ||
| 650 | _aHuman Rights Law. | ||
| 650 | _aPolitics. | ||
| 942 | _cL | ||
| 999 |
_c578 _d578 |
||